[Event "Pardubice Czech op-A 29th"]
[Site "Pardubice"]
[Date "2018.07.25"]
[Round "6"]
[White "Krapivin, Vladislav"]
[Black "Neuman, Petr"]
[Result "1/2-1/2"]
[WhiteElo "2310"]
[BlackElo "2440"]
[PlyCount "64"]
[EventDate "2018.07.20"]
[EventType "swiss"]
[EventRounds "9"]
[EventCountry "CZE"]
[SourceTitle "CBM 185 Extra"]
[Source "ChessBase"]
[SourceDate "2018.07.29"]
[SourceVersion "1"]
[SourceVersionDate "2018.07.29"]
[SourceQuality "1"]

1. e4 d6 2. d4 Nf6 3. Nc3 e5 4. dxe5 dxe5 5. Qxd8+ Kxd8 6. Nf3 Bd6 7. Bc4 Be6 8. Bxe6 fxe6 9. Be3 h6 10. a3 Nc6 11. h4 g6 12. 0-0-0 Ng4 13. Rd3 Ke7 14. Nd1 b5 15. c4 Nxe3 16. Nxe3 b4 17. h5 bxa3 18. bxa3 gxh5 19. Rxh5 Raf8 20. c5 Bxc5 21. Rc3 Bxe3+ 22. fxe3 Kd7 23. Rh1 Ne7 24. Rd1+ Kc8 25. Nxe5 Rd8 26. Rd4 Rxd4 27. exd4 Rd8 28. Rc4 Rf8 29. Nc6 Nxc6 30. Rxc6 Kd7 31. d5 exd5 32. exd5 Rg8 1/2-1/2

[Event "Pardubice Czech op-A 29th"]
[Site "Pardubice"]
[Date "2018.07.23"]
[Round "4"]
[White "Krapivin, Vladislav"]
[Black "Vogel, Roven"]
[Result "0-1"]
[WhiteElo "2310"]
[BlackElo "2462"]
[PlyCount "80"]
[EventDate "2018.07.20"]
[EventType "swiss"]
[EventRounds "9"]
[EventCountry "CZE"]
[SourceTitle "CBM 185 Extra"]
[Source "ChessBase"]
[SourceDate "2018.07.29"]
[SourceVersion "1"]
[SourceVersionDate "2018.07.29"]
[SourceQuality "1"]

1. e4 c6 2. d4 d5 3. e5 Bf5 4. Nf3 e6 5. Be2 Nd7 6. 0-0 h6 7. Be3 Ne7 8. Nbd2 g5 9. a4 Bg7 10. a5 f6 11. exf6 Bxf6 12. c4 Bg6 13. Qb3 Qb8 14. Ra4 0-0 15. h3 a6 16. Rb4 Ra7 17. Rc1 Kg7 18. Nh2 c5 19. cxd5 cxb4 20. dxe6 b5 21. exd7 Rxd7 22. Ndf3 Nf5 23. Rc6 Rd6 24. d5 Rxc6 25. dxc6 Qd6 26. Ng4 Nxe3 27. Qxe3 Qxc6 28. Nd4 Bxd4 29. Qxd4+ Kh7 30. Qxb4 Qc1+ 31. Bf1 Qf4 32. Qc5 Qf5 33. Ne5 Re8 34. Qa7+ Kh8 35. Ng4 Re1 36. Qd4+ Kh7 37. Nf6+ Kh8 38. Ng4+ Kh7 39. Nf6+ Kg7 40. Ng4+ Kh7 0-1

[Event "Pardubice Czech op-E 29th"]
[Site "Pardubice"]
[Date "2018.07.13"]
[Round "2"]
[White "Krapivin, Vladislav"]
[Black "Ptacek, Lubos"]
[Result "1-0"]
[WhiteElo "2310"]
[BlackElo "2061"]
[PlyCount "35"]
[EventDate "2018.07.12"]
[EventType "team"]
[EventRounds "7"]
[EventCountry "CZE"]
[SourceTitle "EXT 2019"]
[Source "ChessBase"]
[SourceDate "2018.10.10"]
[SourceVersion "1"]
[SourceVersionDate "2018.10.10"]
[SourceQuality "1"]
[WhiteTeam "Yamal"]
[BlackTeam "Vysoke Myto"]
[WhiteTeamCountry "RUS"]
[BlackTeamCountry "CZE"]

1. e4 e5 2. Nc3 Nc6 3. Nf3 d6 4. d4 exd4 5. Nxd4 Bd7 6. Bf4 Nf6 7. Qd2 Be7 8. 0-0-0 0-0 9. f3 a6 10. g4 Ne5 11. Be2 b5 12. Nf5 b4 13. Nb1 Be6 14. Bxe5 Bxf5 15. Bxf6 Bxf6 16. exf5 Qe7 17. f4 Rfe8 18. Bf3 1-0

[Event "Pardubice Czech op-E 29th"]
[Site "Pardubice"]
[Date "2018.07.12"]
[Round "1"]
[White "Marusic, Martin"]
[Black "Krapivin, Vladislav"]
[Result "1-0"]
[WhiteElo "1716"]
[BlackElo "2310"]
[PlyCount "76"]
[EventDate "2018.07.12"]
[EventType "team"]
[EventRounds "7"]
[EventCountry "CZE"]
[SourceTitle "EXT 2019"]
[Source "ChessBase"]
[SourceDate "2018.10.10"]
[SourceVersion "1"]
[SourceVersionDate "2018.10.10"]
[SourceQuality "1"]
[WhiteTeam "Bratislava Lokomotiva"]
[BlackTeam "Yamal"]
[WhiteTeamCountry "SVK"]
[BlackTeamCountry "RUS"]

1. e4 d6 2. Nf3 Nf6 3. Nc3 Nbd7 4. Be2 e5 5. 0-0 Be7 6. d3 c6 7. b3 0-0 8. Bb2 d5 9. exd5 cxd5 10. Qd2 d4 11. Ne4 Nd5 12. c3 dxc3 13. Nxc3 Nf4 14. d4 Bg5 15. Kh1 Bh6 16. Qc2 b6 17. Ne4 Nxe2 18. Qxe2 f5 19. Qc4+ Kh8 20. Nd6 e4 21. Ne5 Nxe5 22. dxe5 Qe7 23. Ba3 Be6 24. Qa4 Qd7 25. Qxd7 Bxd7 26. Rad1 Kg8 27. Nxe4 Bb5 28. Rfe1 fxe4 29. Bxf8 Rxf8 30. Rxe4 Rxf2 31. e6 Kf8 32. e7+ Kf7 33. Kg1 Rd2 34. Rf1+ Kg6 35. Re6+ Kg5 36. Re5+ Kg6 37. h4 Bg5 38. Rxg5+ Kh6 1-0

[Event "Sochi Doroshkevich Amateur op"]
[Site "Sochi"]
[Date "2017.12.27"]
[Round "8"]
[White "Krapivin, Vladislav"]
[Black "Trubchaninov, Timur"]
[Result "1-0"]
[WhiteElo "2318"]
[BlackElo "2224"]
[PlyCount "60"]
[EventDate "2017.12.21"]
[EventType "swiss"]
[EventRounds "9"]
[EventCountry "RUS"]
[SourceTitle "CBM 182 Extra"]
[Source "ChessBase"]
[SourceDate "2018.02.23"]
[SourceVersion "1"]
[SourceVersionDate "2018.02.23"]
[SourceQuality "1"]

1. e4 c5 2. Nc3 Nc6 3. g3 g6 4. Bg2 Bg7 5. d3 Rb8 6. Be3 b5 7. Bxc5 Qa5 8. Be3 b4 9. Nce2 Bxb2 10. Rb1 Bg7 11. Nf3 Nf6 12. 0-0 0-0 13. Bd2 d5 14. Nfd4 Nxd4 15. Nxd4 Bg4 16. Qe1 Rfc8 17. h3 Bd7 18. e5 Ne8 19. Rxb4 Qxa2 20. f4 e6 21. Qa1 Qxa1 22. Rxa1 Rxb4 23. Bxb4 f6 24. Nf3 fxe5 25. Nxe5 Bb5 26. Rxa7 Rxc2 27. Ra8 Rb2 28. Bc5 Rc2 29. Bb4 Rb2 30. Bc5 Rc2 1-0

[Event "Sochi Doroshkevich Amateur op"]
[Site "Sochi"]
[Date "2017.12.25"]
[Round "5"]
[White "Krapivin, Vladislav"]
[Black "Bogachkov, Vladislav"]
[Result "1/2-1/2"]
[WhiteElo "2318"]
[BlackElo "2099"]
[PlyCount "79"]
[EventDate "2017.12.21"]
[EventType "swiss"]
[EventRounds "9"]
[EventCountry "RUS"]
[SourceTitle "CBM 182 Extra"]
[Source "ChessBase"]
[SourceDate "2018.02.23"]
[SourceVersion "1"]
[SourceVersionDate "2018.02.23"]
[SourceQuality "1"]

1. e4 c6 2. c4 d5 3. exd5 cxd5 4. cxd5 Qxd5 5. Nc3 Qd8 6. d4 e6 7. Nf3 Nf6 8. Bd3 Be7 9. 0-0 0-0 10. Re1 Nc6 11. a3 b6 12. Bf4 Bb7 13. Bc2 Rc8 14. Qd3 g6 15. Rad1 Re8 16. Qe2 Nd5 17. Bc1 Nxc3 18. bxc3 Qc7 19. Ba4 Bf6 20. c4 Red8 21. d5 exd5 22. cxd5 Ne7 23. d6 Rxd6 24. Bf4 Rxd1 25. Bxc7 Rxe1+ 26. Qxe1 Rxc7 27. h3 Bxf3 28. gxf3 Nf5 29. Qe8+ Kg7 30. f4 Rc3 31. Bb5 Nd4 32. a4 Nxb5 33. axb5 Rxh3 34. Qd7 Ra3 35. Kg2 h5 36. Qd1 Rc3 37. f5 Rc5 38. fxg6 fxg6 39. Qd7+ Kh6 40. Qd2+ 1/2-1/2

[Event "Pardubice Czech op-A 28th"]
[Site "Pardubice"]
[Date "2017.07.29"]
[Round "9"]
[White "Jedlicka, Ales"]
[Black "Krapivin, Vladislav"]
[Result "1-0"]
[WhiteElo "2200"]
[BlackElo "2327"]
[PlyCount "121"]
[EventDate "2017.07.21"]
[EventType "swiss"]
[EventRounds "9"]
[EventCountry "CZE"]
[SourceTitle "CBM 179 Extra"]
[Source "ChessBase"]
[SourceDate "2017.08.23"]
[SourceVersion "1"]
[SourceVersionDate "2017.08.23"]
[SourceQuality "1"]

1. d4 Nf6 2. c4 d6 3. Nc3 Nbd7 4. Nf3 e5 5. g3 c6 6. Bg2 Be7 7. 0-0 e4 8. Ng5 d5 9. cxd5 cxd5 10. Qb3 Nb6 11. a4 a5 12. f3 exf3 13. Nxf3 0-0 14. Ne5 Be6 15. Bf4 h6 16. Rac1 g5 17. Bd2 Rc8 18. Nb5 Rxc1 19. Bxc1 Nbd7 20. Nf3 Ne4 21. Nc3 Qb6 22. Nb5 Rc8 23. Be3 Bb4 24. Qd3 f5 25. Nd2 Kg7 26. Kh1 Ndf6 27. Nf3 Ng4 28. Ne5 Ngf6 29. Bg1 Qd8 30. Bh3 g4 31. Bg2 Bd2 32. Be3 Bxe3 33. Qxe3 Rc2 34. Nd3 Qb8 35. Nf4 Bf7 36. Qb3 Rc4 37. Qa3 Qf8 38. Bxe4 Nxe4 39. Qe3 Qb8 40. Nd3 Be6 41. b3 Rc2 42. Nc5 Bc8 43. Nxe4 dxe4 44. Rc1 Rxc1+ 45. Qxc1 Be6 46. Qc5 Qd8 47. Nd6 Bxb3 48. Qe5+ Kg8 49. Nxf5 Qg5 50. d5 Bxa4 51. Qe6+ Kf8 52. Nd6 Qe7 53. Qxh6+ Qg7 54. Qf4+ Kg8 55. Nf5 Qa1+ 56. Kg2 Bd7 57. Qg5+ Kh7 58. Qe7+ Kg6 59. Qxd7 a4 60. Ne7+ Kf6 61. Qe6+ 1-0

[Event "Pardubice Czech op-A 28th"]
[Site "Pardubice"]
[Date "2017.07.27"]
[Round "7"]
[White "Potapov, Pavel"]
[Black "Krapivin, Vladislav"]
[Result "1/2-1/2"]
[WhiteElo "2495"]
[BlackElo "2327"]
[PlyCount "65"]
[EventDate "2017.07.21"]
[EventType "swiss"]
[EventRounds "9"]
[EventCountry "CZE"]
[SourceTitle "CBM 179 Extra"]
[Source "ChessBase"]
[SourceDate "2017.08.23"]
[SourceVersion "1"]
[SourceVersionDate "2017.08.23"]
[SourceQuality "1"]

1. e4 d6 2. d4 Nf6 3. Nc3 e5 4. Nf3 Nbd7 5. Bc4 Be7 6. 0-0 0-0 7. a4 c6 8. Re1 exd4 9. Nxd4 Ne5 10. Ba2 Re8 11. h3 Bf8 12. a5 Bd7 13. Be3 b5 14. axb6 axb6 15. f4 Ng6 16. Nf3 h6 17. f5 Ne5 18. Nxe5 dxe5 19. Bf2 b5 20. Qd3 Qc7 21. Bb3 Red8 22. Rxa8 Rxa8 23. Bh4 Be7 24. Qf3 Be8 25. Rd1 Rd8 26. Rxd8 Qxd8 27. Qd3 Kf8 28. Qxd8 Bxd8 29. Kf1 Be7 30. Ke2 Nd7 31. Bxe7+ Kxe7 32. Ke3 Nc5 33. Ba2 1/2-1/2

[Event "Pardubice op rapid 28th"]
[Site "Pardubice"]
[Date "2017.07.20"]
[Round "8"]
[White "Bukhteeva, Viktoria"]
[Black "Krapivin, Vladislav"]
[Result "0-1"]
[WhiteElo "2220"]
[BlackElo "2327"]
[PlyCount "86"]
[EventDate "2017.07.19"]
[EventType "swiss (rapid)"]
[EventRounds "9"]
[EventCountry "CZE"]
[SourceTitle "CBM 179 Extra"]
[Source "ChessBase"]
[SourceDate "2017.08.23"]
[SourceVersion "1"]
[SourceVersionDate "2017.08.23"]
[SourceQuality "1"]

1. e4 d6 2. d4 Nf6 3. Nc3 e5 4. Nf3 Nbd7 5. g4 g6 6. g5 Nh5 7. Be3 Bg7 8. Qd2 0-0 9. 0-0-0 c6 10. Ne2 b5 11. Ng3 Nf4 12. Bxf4 exf4 13. Qxf4 Qe7 14. h4 f6 15. Kb1 Nb6 16. h5 fxg5 17. Qxg5 Qxg5 18. Nxg5 Rxf2 19. hxg6 hxg6 20. e5 Bg4 21. Re1 dxe5 22. dxe5 Bf5 23. Nxf5 Rxf5 24. Rg1 Rxe5 25. Rxe5 Bxe5 26. Bd3 Bd4 27. Re1 Bf6 28. Rg1 Na4 29. Bxg6 Bxb2 30. Bf7+ Kf8 31. Bb3 Rb8 32. Ne4 Ke7 33. Rf1 Be5 34. Rf7+ Ke8 35. Rf5 Bd4 36. Rg5 Ke7 37. Rf5 Nc3+ 38. Nxc3 Bxc3 39. Rc5 b4 40. a3 a5 41. Rxa5 Rh8 42. Bc4 Rh1+ 43. Ka2 b3+ 0-1

[Event "CZE-chT rap"]
[Site "Pardubice"]
[Date "2017.07.14"]
[Round "3.5"]
[White "Krapivin, Vladislav"]
[Black "Kosek, Marek"]
[Result "1-0"]
[WhiteElo "2327"]
[BlackElo "2072"]
[PlyCount "121"]
[EventDate "2017.07.13"]
[EventType "team-swiss"]
[EventRounds "7"]
[EventCountry "CZE"]
[SourceTitle "EXT 2018"]
[Source "ChessBase"]
[SourceDate "2017.10.13"]
[SourceVersion "1"]
[SourceVersionDate "2017.10.13"]
[SourceQuality "1"]
[WhiteTeam "Tulachess"]
[BlackTeam "Vysoke Myto"]
[WhiteTeamCountry "CZE"]
[BlackTeamCountry "CZE"]

1. e4 c5 2. Nc3 Nc6 3. g3 g6 4. Bg2 Bg7 5. d3 d6 6. f4 e6 7. Nf3 Nge7 8. 0-0 0-0 9. Be3 Nd4 10. e5 Nxf3+ 11. Qxf3 Nf5 12. Bf2 Nd4 13. Qd1 dxe5 14. fxe5 Bxe5 15. Ne4 Nc6 16. c3 Rb8 17. Bxc5 Ne7 18. d4 Bg7 19. Bxa7 Ra8 20. Bc5 Ra6 21. Qe2 e5 22. d5 f5 23. Qc4 Kh8 24. Ng5 Bf6 25. h4 h6 26. Ne6 Bxe6 27. dxe6 Qc7 28. Rad1 b5 29. Qxb5 Ra5 30. Bb6 Rxb5 31. Bxc7 Rxb2 32. Rf2 Rxf2 33. Kxf2 e4 34. Bd8 Nc6 35. Bxf6+ Rxf6 36. Rd6 Ne7 37. a4 Kg7 38. Bf1 Rf8 39. a5 Rc8 40. c4 Rc5 41. a6 Kf6 42. Rb6 Ra5 43. Ke3 g5 44. h5 Nc8 45. e7+ Kxe7 46. Rxh6 Nd6 47. Rh7+ Kf6 48. a7 Nf7 49. c5 Rxa7 50. Bc4 Ra3+ 51. Kd4 Nd8 52. Rh6+ Ke7 53. Ke5 Rc3 54. Rh7+ Ke8 55. Bb5+ Kf8 56. Kf6 Kg8 57. Rd7 Nf7 58. Rxf7 Rxc5 59. Rb7 f4 60. Rb8+ Kh7 61. Be8 1-0

[Event "Pardubice Czech op-A 27th"]
[Site "Pardubice"]
[Date "2016.07.29"]
[Round "8"]
[White "Krapivin, Vladislav"]
[Black "Vokac, Marek"]
[Result "0-1"]
[WhiteElo "2318"]
[BlackElo "2415"]
[PlyCount "90"]
[EventDate "2016.07.22"]
[EventType "swiss"]
[EventRounds "9"]
[EventCountry "CZE"]
[SourceTitle "CBM 173 Extra"]
[Source "ChessBase"]
[SourceDate "2016.08.29"]
[SourceVersion "1"]
[SourceVersionDate "2016.08.29"]
[SourceQuality "1"]

1. e4 c5 2. Nc3 Nc6 3. g3 g6 4. Bg2 Bg7 5. d3 d6 6. f4 e6 7. Nf3 Nge7 8. 0-0 0-0 9. Be3 Rb8 10. Bf2 b6 11. d4 Ba6 12. Re1 e5 13. fxe5 cxd4 14. Nxd4 Nxe5 15. a4 Qd7 16. h3 Rfd8 17. b3 Rbc8 18. Qd2 N7c6 19. Nd5 Nxd4 20. Bxd4 Bb7 21. c4 Bxd5 22. exd5 Re8 23. Red1 Re7 24. Qf2 Qc7 25. Rac1 Nd7 26. h4 Bxd4 27. Rxd4 Qc5 28. Rc2 Rce8 29. Bf1 Re3 30. Rf4 R8e7 31. b4 Rxg3+ 32. Kh2 Qxf2+ 33. Rfxf2 Rb3 34. Rb2 Rbe3 35. Rf4 Kg7 36. a5 R7e4 37. Rxe4 Rxe4 38. axb6 axb6 39. Ra2 Ne5 40. c5 dxc5 41. b5 Rxh4+ 42. Kg3 Rg4+ 43. Kh3 Rd4 44. Ra6 Nd7 45. Bg2 c4 0-1

[Event "Pardubice Czech op-A 27th"]
[Site "Pardubice"]
[Date "2016.07.28"]
[Round "7"]
[White "Martinkus, Rolandas"]
[Black "Krapivin, Vladislav"]
[Result "0-1"]
[WhiteElo "2172"]
[BlackElo "2318"]
[PlyCount "144"]
[EventDate "2016.07.22"]
[EventType "swiss"]
[EventRounds "9"]
[EventCountry "CZE"]
[SourceTitle "CBM 173 Extra"]
[Source "ChessBase"]
[SourceDate "2016.08.29"]
[SourceVersion "1"]
[SourceVersionDate "2016.08.29"]
[SourceQuality "1"]

1. e4 d6 2. d4 Nf6 3. Nc3 e5 4. Nf3 Nbd7 5. Bc4 Be7 6. 0-0 0-0 7. Re1 c6 8. a4 b6 9. Bf1 a6 10. b3 Rb8 11. Bb2 Qc7 12. Ra2 Re8 13. Qa1 Bf8 14. g3 Bb7 15. Bg2 g6 16. dxe5 dxe5 17. Nb1 b5 18. Nbd2 Bc5 19. h3 Nh5 20. Nf1 Qb6 21. Re2 f6 22. Ne1 Rbd8 23. Nd3 Bd6 24. Bc1 Ng7 25. Be3 Qc7 26. b4 Ne6 27. Qb2 Bf8 28. Nd2 Nb6 29. Bxb6 Qxb6 30. Nb3 Bc8 31. Ra1 Nd4 32. Ree1 Nxb3 33. Qxb3+ Be6 34. Qb1 Bc4 35. Bf1 Qd4 36. axb5 axb5 37. Ra6 Rc8 38. Rd1 Qxe4 39. Bg2 Qf5 40. Rxc6 Rxc6 41. Bxc6 Rc8 42. Bg2 e4 43. g4 Qe6 44. Re1 f5 45. Qa1 Bg7 46. Qa7 Qd6 47. Nc5 Bc3 48. Rb1 Bxb4 49. Rxb4 Qxc5 50. Qxc5 Rxc5 51. gxf5 gxf5 52. f3 e3 53. f4 Rc7 54. Rb1 Rd7 55. Re1 Re7 56. Bf3 b4 57. Kh2 Kg7 58. Be2 Bd5 59. Rb1 Rb7 60. Bd3 Kf6 61. Re1 Rg7 62. Bf1 Re7 63. Bd3 Bc6 64. h4 h5 65. Be2 Be4 66. Rb1 Rb7 67. Rb2 Ke6 68. Kg1 Kd5 69. Kf1 Kd4 70. Bd1 Bd5 71. Ke2 Kc3 72. Rb1 Re7 0-1

[Event "Pardubice op rapid 27th"]
[Site "Pardubice"]
[Date "2016.07.21"]
[Round "8"]
[White "Krapivin, Vladislav"]
[Black "Smith, Bryan G"]
[Result "0-1"]
[WhiteElo "2318"]
[BlackElo "2453"]
[PlyCount "116"]
[EventDate "2016.07.20"]
[EventType "swiss (rapid)"]
[EventRounds "9"]
[EventCountry "CZE"]
[SourceTitle "CBM 173 Extra"]
[Source "ChessBase"]
[SourceDate "2016.08.29"]
[SourceVersion "1"]
[SourceVersionDate "2016.08.29"]
[SourceQuality "1"]

1. e4 c5 2. Nc3 g6 3. g3 Bg7 4. Bg2 Nc6 5. d3 d6 6. f4 e6 7. Nf3 Nge7 8. 0-0 0-0 9. Be3 b6 10. d4 Bb7 11. Bf2 Rc8 12. dxc5 bxc5 13. Re1 Na5 14. e5 Nf5 15. Ne4 dxe5 16. Nxe5 Bxe4 17. Rxe4 Qc7 18. Qe1 Nc6 19. Nxc6 Qxc6 20. c3 Qc7 21. Rd1 Rfd8 22. Rc4 Bf8 23. g4 Rxd1 24. Qxd1 Rd8 25. Qe2 Ng7 26. Bf3 Bd6 27. Be3 Qa5 28. a4 Qa6 29. Kf2 Ne8 30. Bxc5 Bxc5+ 31. Rxc5 Qxa4 32. Rc4 Qa1 33. Rb4 Qc1 34. Rd4 Rxd4 35. cxd4 Qxf4 36. Qe5 Qd2+ 37. Kg3 Qxb2 38. Qc5 Qb8+ 39. Kg2 Nd6 40. d5 exd5 41. Qxd5 Qb6 42. h4 h6 43. h5 gxh5 44. Qxh5 Qb2+ 45. Kg3 Qf6 46. Qc5 Qe7 47. Qa5 Kg7 48. Qa1+ Kg8 49. Qa5 Nc4 50. Qa4 Ne5 51. Be4 Qg5 52. Bf5 Qe3+ 53. Kg2 h5 54. Qe8+ Kg7 55. Qd8 hxg4 56. Qc8 Qf3+ 57. Kh2 Qf2+ 58. Kh1 g3 0-1

[Event "CZE-chT rap"]
[Site "Pardubice"]
[Date "2016.07.15"]
[Round "2.3"]
[White "Krapivin, Vladislav"]
[Black "Bach, Ulf"]
[Result "1-0"]
[WhiteElo "2318"]
[BlackElo "2003"]
[PlyCount "83"]
[EventDate "2016.07.14"]
[EventType "team-swiss"]
[EventRounds "7"]
[EventCountry "CZE"]
[SourceTitle "EXT 2017"]
[Source "ChessBase"]
[SourceDate "2016.10.25"]
[SourceVersion "1"]
[SourceVersionDate "2016.10.25"]
[SourceQuality "1"]
[WhiteTeam "Yamal"]
[BlackTeam "Gross Schonau"]
[WhiteTeamCountry "RUS"]
[BlackTeamCountry "GER"]

1. e4 c6 2. d4 d5 3. e5 Bf5 4. Ne2 e6 5. Ng3 Ne7 6. Nxf5 Nxf5 7. c3 Nd7 8. Bd3 g6 9. 0-0 Be7 10. Nd2 Qc7 11. Nf3 0-0-0 12. a4 f6 13. Qe2 fxe5 14. dxe5 Rdf8 15. b4 g5 16. Nxg5 Bxg5 17. Bxg5 Rhg8 18. Bf4 h5 19. Rae1 Rg4 20. Bg3 Qd8 21. Qd1 Qg5 22. Be2 Rh8 23. f4 Qg6 24. Bxg4 hxg4 25. Qd3 Nb6 26. b5 c5 27. Re2 Qh6 28. Kf2 Kb8 29. Ra1 Nc4 30. a5 Qh5 31. Ra4 Rc8 32. Rxc4 dxc4 33. Qxc4 Qf7 34. Rd2 Ne7 35. Rd7 Rc7 36. Rd6 Nd5 37. b6 Rd7 38. Qxc5 Nxf4 39. bxa7+ Ka8 40. Qc8+ Kxa7 41. Rxd7 Nd3+ 42. Kg1 1-0

[Event "Pardubice Czech op-A 25th"]
[Site "Pardubice"]
[Date "2014.07.22"]
[Round "5"]
[White "Krapivin, Vladislav"]
[Black "Rodionova, Polina"]
[Result "1/2-1/2"]
[WhiteElo "2321"]
[BlackElo "2138"]
[PlyCount "93"]
[EventDate "2014.07.18"]
[EventType "swiss"]
[EventRounds "9"]
[EventCountry "CZE"]
[SourceTitle "CBM 161 Extra"]
[Source "ChessBase"]
[SourceDate "2014.08.29"]
[SourceVersion "1"]
[SourceVersionDate "2014.08.29"]
[SourceQuality "1"]

1. e4 c5 2. Nc3 Nc6 3. g3 g6 4. Bg2 Bg7 5. d3 e6 6. Be3 d6 7. f4 Nge7 8. Nf3 Nd4 9. 0-0 0-0 10. e5 Bd7 11. Ne4 Nef5 12. Bf2 Nxf3+ 13. Bxf3 Bc6 14. g4 Nd4 15. Bg2 dxe5 16. fxe5 Bxe4 17. Bxe4 Bxe5 18. c3 Nb5 19. Bxb7 Rb8 20. Bg2 Qd6 21. h3 Nc7 22. Qe2 Nd5 23. Bxd5 Qxd5 24. Be3 Bg7 25. Rf4 Rbd8 26. Rd1 Bh6 27. Rf2 Bxe3 28. Qxe3 Qxa2 29. Qxc5 Rxd3 30. Rxd3 Qb1+ 31. Kg2 Qxd3 32. Qxa7 e5 33. Qc5 Qe4+ 34. Kh2 Ra8 35. Qe7 Qd5 36. Re2 Qf3 37. Qxe5 Ra1 38. Qe8+ Kg7 39. Qe5+ Kg8 40. Qe8+ Kg7 41. Qe5+ Kg8 42. Rg2 Qf1 43. Qe8+ Kg7 44. Qe5+ Kg8 45. Qe8+ Kg7 46. Qe5+ Kg8 47. Qe8+ 1/2-1/2

[Event "Pardubice Czech op-A 25th"]
[Site "Pardubice"]
[Date "2014.07.21"]
[Round "4"]
[White "Firat, Burak"]
[Black "Krapivin, Vladislav"]
[Result "1-0"]
[WhiteElo "2458"]
[BlackElo "2321"]
[PlyCount "45"]
[EventDate "2014.07.18"]
[EventType "swiss"]
[EventRounds "9"]
[EventCountry "CZE"]
[SourceTitle "CBM 161 Extra"]
[Source "ChessBase"]
[SourceDate "2014.08.29"]
[SourceVersion "1"]
[SourceVersionDate "2014.08.29"]
[SourceQuality "1"]

1. e4 d6 2. d4 Nf6 3. f3 Nbd7 4. Be3 e5 5. d5 Be7 6. Qd2 0-0 7. Ne2 Nb6 8. Na3 c6 9. c4 cxd5 10. cxd5 Bd7 11. Nc3 Na4 12. Nxa4 Bxa4 13. Be2 Nh5 14. g3 Bd7 15. 0-0 Bh3 16. Rfc1 g6 17. Bh6 f5 18. Bxf8 Qb6+ 19. Kh1 Bg5 20. Qxg5 Qf2 21. Bf1 Bxf1 22. Rxf1 Qxb2 23. Bxd6 1-0

[Event "Pardubice Czech op-A 25th"]
[Site "Pardubice"]
[Date "2014.07.20"]
[Round "3"]
[White "Krapivin, Vladislav"]
[Black "Debevec, Blaz"]
[Result "1-0"]
[WhiteElo "2321"]
[BlackElo "2136"]
[PlyCount "88"]
[EventDate "2014.07.18"]
[EventType "swiss"]
[EventRounds "9"]
[EventCountry "CZE"]
[SourceTitle "CBM 161 Extra"]
[Source "ChessBase"]
[SourceDate "2014.08.29"]
[SourceVersion "1"]
[SourceVersionDate "2014.08.29"]
[SourceQuality "1"]

1. e4 Nf6 2. e5 Nd5 3. d4 d6 4. Nf3 g6 5. Bc4 Nb6 6. Bb3 Bg7 7. a4 a5 8. exd6 cxd6 9. 0-0 0-0 10. h3 Nc6 11. Re1 d5 12. c3 h6 13. Na3 Bf5 14. Nc2 Bxc2 15. Qxc2 e6 16. Bf4 Nc8 17. Qd2 Kh7 18. h4 Nd6 19. Bc2 Qd7 20. h5 f5 21. hxg6+ Kxg6 22. Qe3 Rae8 23. Nh4+ Kh7 24. Qg3 Nf7 25. Qg6+ Kh8 26. Nxf5 Ng5 27. Bxg5 exf5 28. Bxh6 Rxe1+ 29. Rxe1 Qf7 30. Bxg7+ Qxg7 31. Qh5+ Qh7 32. Qxh7+ Kxh7 33. g4 Kh6 34. Bxf5 Kg5 35. Kg2 Kf4 36. Re3 Rb8 37. Bd7 Rd8 38. Rf3+ Kg5 39. Rf5+ Kxg4 40. Rxd5+ Kf4 41. Bxc6 Rg8+ 42. Kf1 bxc6 43. Rxa5 Rh8 44. Ke2 Rh1 1-0

[Event "Pardubice op rap 25th"]
[Site "Pardubice"]
[Date "2014.07.17"]
[Round "6"]
[White "Krapivin, Vladislav"]
[Black "Neuman, Petr"]
[Result "1-0"]
[WhiteElo "2321"]
[BlackElo "2488"]
[PlyCount "69"]
[EventDate "2014.07.16"]
[EventType "swiss (rapid)"]
[EventRounds "9"]
[EventCountry "CZE"]
[SourceTitle "EXT 2015"]
[Source "ChessBase"]
[SourceDate "2014.11.20"]
[SourceVersion "1"]
[SourceVersionDate "2014.11.20"]
[SourceQuality "1"]

1. e4 d6 2. d4 Nf6 3. Nc3 e5 4. dxe5 dxe5 5. Qxd8+ Kxd8 6. Nf3 Bd6 7. Bc4 Be6 8. Bxe6 fxe6 9. Be3 a6 10. a3 h6 11. h4 Ng4 12. Nd1 Nc6 13. c3 Na5 14. Nd2 b5 15. b4 Nb7 16. a4 Ke7 17. f3 Nxe3 18. Nxe3 a5 19. axb5 axb4 20. Ke2 bxc3 21. Nb3 Nc5 22. Na5 Kf7 23. Nec4 Kf6 24. Rhc1 Rhb8 25. Rab1 Na4 26. Nc6 Rf8 27. f4 Kg6 28. N6xe5+ Kh7 29. g3 g5 30. hxg5 hxg5 31. Kf3 Nb2 32. Rxc3 Nxc4 33. Nxc4 gxf4 34. e5 fxg3+ 35. Ke4 1-0

[Event "Pardubice op rap 25th"]
[Site "Pardubice"]
[Date "2014.07.17"]
[Round "7"]
[White "Potapov, Pavel"]
[Black "Krapivin, Vladislav"]
[Result "1-0"]
[WhiteElo "2482"]
[BlackElo "2321"]
[PlyCount "77"]
[EventDate "2014.07.16"]
[EventType "swiss (rapid)"]
[EventRounds "9"]
[EventCountry "CZE"]
[SourceTitle "EXT 2015"]
[Source "ChessBase"]
[SourceDate "2014.11.20"]
[SourceVersion "1"]
[SourceVersionDate "2014.11.20"]
[SourceQuality "1"]

1. e4 d6 2. d4 Nf6 3. Nc3 e5 4. Nge2 Be7 5. g3 h5 6. h3 h4 7. g4 c6 8. Be3 b5 9. a3 Bb7 10. Bg2 a6 11. 0-0 Nbd7 12. f4 Qc7 13. Qe1 Nh7 14. Rd1 Nhf8 15. Qf2 f6 16. fxe5 dxe5 17. dxe5 Qxe5 18. Nd4 g5 19. Nf5 Ne6 20. Rfe1 a5 21. Nd5 Bf8 22. Nb6 Nxb6 23. Bxb6 Rh7 24. Nd4 Bd6 25. Nf3 Qg3 26. e5 Qxf2+ 27. Bxf2 Bxe5 28. Nxe5 fxe5 29. Rxe5 Re7 30. Rde1 Kf7 31. Bc5 Ree8 32. Be3 Rad8 33. Rf1+ Kg6 34. Be4+ Kg7 35. Bxg5 Rd4 36. Bf6+ Kg8 37. Bg6 Rf8 38. Rxe6 Bc8 39. Bxd4 1-0

[Event "Pardubice op rap 25th"]
[Site "Pardubice"]
[Date "2014.07.16"]
[Round "2"]
[White "Krapivin, Vladislav"]
[Black "Oparin, Grigoriy"]
[Result "0-1"]
[WhiteElo "2321"]
[BlackElo "2550"]
[PlyCount "94"]
[EventDate "2014.07.16"]
[EventType "swiss (rapid)"]
[EventRounds "9"]
[EventCountry "CZE"]
[SourceTitle "EXT 2015"]
[Source "ChessBase"]
[SourceDate "2014.11.20"]
[SourceVersion "1"]
[SourceVersionDate "2014.11.20"]
[SourceQuality "1"]

1. e4 c5 2. Nc3 Nc6 3. g3 g6 4. Bg2 Bg7 5. d3 d6 6. f4 e6 7. Nf3 Nge7 8. 0-0 0-0 9. Be3 Nd4 10. e5 Nef5 11. Bf2 Bd7 12. Ne4 Nxf3+ 13. Bxf3 Bc6 14. g4 Bxe4 15. dxe4 Nd4 16. c3 Nxf3+ 17. Qxf3 f5 18. exf5 gxf5 19. Rad1 d5 20. Bxc5 fxg4 21. Qxg4 Rf5 22. Rf3 Qc7 23. Bd6 Qf7 24. Rdf1 Kh8 25. Kh1 Rg8 26. Rg3 Bh6 27. Qxg8+ Qxg8 28. Rxg8+ Kxg8 29. Bc5 Rxf4 30. Rg1+ Kf7 31. Bxa7 Ra4 32. Rf1+ Ke8 33. Bc5 Bg7 34. a3 Re4 35. Bd4 Bxe5 36. Bxe5 Rxe5 37. Rf4 Rg5 38. Rb4 Rg7 39. Rb6 e5 40. Re6+ Re7 41. Rxe7+ Kxe7 42. a4 Kd6 43. Kg2 Kc5 44. b3 d4 45. cxd4+ exd4 46. Kf3 Kb4 47. Ke4 Kc3 0-1